The stream of humanism (Record no. 495250)

000 -LEADER
fixed length control field 00338cam a22001217a 4500
008 - FIXED-LENGTH DATA ELEMENTS--GENERAL INFORMATION
fixed length control field 180718b2000 xxu||||| |||| 00| 0 eng d
082 ## - DEWEY DECIMAL CLASSIFICATION NUMBER
Classification number ]AA V559
100 ## - MAIN ENTRY--PERSONAL NAME
Personal name Venkataraman, R.
245 ## - TITLE STATEMENT
Title The stream of humanism
Statement of responsibility, etc. by R. Venkataraman
260 ## - PUBLICATION, DISTRIBUTION, ETC.
Place of publication, distribution, etc. New Delhi
Name of publisher, distributor, etc. Gandhi Smriti and Darshan Samiti
Date of publication, distribution, etc. 2000
300 ## - PHYSICAL DESCRIPTION
Extent 95p.
650 ## - SUBJECT ADDED ENTRY--TOPICAL TERM
Topical term or geographic name entry element Humanism
Holdings
Withdrawn status Lost status Damaged status Not for loan Permanent Location Current Location Date acquired Full call number Barcode Date last seen Price effective from Koha item type
        Indian Institute of Public Administration Indian Institute of Public Administration 2018-08-04 ]AA V559 GR18369 2018-08-04 2018-08-04 GR

Powered by Koha